|
|
|
|
| LEADER |
00000nas a2200000 a 4500 |
| 001 |
ssj0000800844 |
| 003 |
WaSeSS |
| 005 |
20200512172242.0 |
| 006 |
m d |
| 007 |
cr n |
| 008 |
110812c20099999ci fr p s 0 0hrv c |
| 010 |
|
|
|a 2012263166
|
| 022 |
|
|
|a 1847-7461
|
| 035 |
|
|
|a (WaSeSS)ssj0000800844
|
| 037 |
|
|
|b Hrvatsko društvo za prehrambenu tehnologiju, biotehnologiju i nutricionizam, Kačićeva 26, 10000 Zagreb
|
| 040 |
|
|
|a AU@
|b eng
|c AU@
|d TXA
|d CUS
|d OCLCF
|d OCLCO
|d OCLCQ
|d WaSeSS
|
| 041 |
0 |
|
|a hrv
|a eng
|
| 042 |
|
|
|a pcc
|
| 050 |
1 |
4 |
|a TP248.65.F66
|b H78
|
| 210 |
0 |
|
|a Hrvat. čas. za prehrambenu tehnol. biotehnol. nutr.
|b (Online)
|
| 222 |
|
0 |
|a Hrvatski časopis za prehrambenu tehnologiju, biotehnologiju i nutricionizam
|b (Online)
|
| 245 |
0 |
0 |
|a Hrvatski časopis za prehrambenu tehnologiju, biotehnologiju i nutricionizam
|h [electronic resource].
|
| 246 |
1 |
1 |
|a Croatian journal of food technology, biotechnology and nutrition
|
| 260 |
|
|
|a Zagreb :
|b Hrvatsko društvo prehrambenih tehnologa, biotehnologa i nutricionista,
|c 2009-
|
| 310 |
|
|
|a Semiannual
|
| 362 |
1 |
|
|a Began with: Godište 4, broj 1/2 (lip. 2009).
|
| 506 |
|
|
|a License restrictions may limit access.
|
| 515 |
|
|
|a Two double numbered issues per year.
|
| 515 |
|
|
|a Numbering also in English.
|
| 525 |
|
|
|a Has special issues.
|
| 546 |
|
|
|a Text in Croatian and English.
|
| 588 |
|
|
|a Description based on: Godište 4, broj 1/2 (lip. 2009); title from PDF running title (Hrčak site, viewed Sept. 25, 2012).
|
| 588 |
|
|
|a Latest issue consulted: Godište 7, broj 1/2 (siječ./lip 2012) (Hrčak site, viewed Sept. 25, 2012).
|
| 650 |
|
0 |
|a Food
|x Biotechnology
|v Periodicals.
|
| 650 |
|
0 |
|a Nutrition
|v Periodicals.
|
| 650 |
|
0 |
|a Agronomy
|v Periodicals.
|
| 650 |
|
7 |
|a Agronomy.
|2 fast
|0 (OCoLC)fst00801886
|
| 650 |
|
7 |
|a Food
|x Biotechnology.
|2 fast
|0 (OCoLC)fst00930473
|
| 650 |
|
7 |
|a Nutrition.
|2 fast
|0 (OCoLC)fst01042187
|
| 655 |
|
0 |
|a Electronic journals.
|
| 710 |
2 |
|
|a Hrvatsko društvo prehrambenih tehnologa, biotehnologa i nutricionista.
|
| 776 |
0 |
8 |
|i Print version:
|t Hrvatski časopis za prehrambenu tehnologiju, biotehnologiju i nutricionizam
|x 1847-3423
|
| 780 |
0 |
0 |
|t PBN revija
|
| 856 |
4 |
0 |
|z Full text available from Research Library: 01/01/2010 to present
|u https://search.proquest.com/publication/546306
|